000
00266nam a2200109Ia 4500
008
220204s9999 xx 000 0 und d
082
_a
82-3MB
_b
DON
100
_a
Donnelly, Jane
245
2
_a
A Savage sanctuary
260
_a
London
_b
Mills and Boon
_c
1979
942
_c
BK
999
_c
35683
_d
35683